000 00400nam a2200169Ia 4500
008 210210b1928 xxu||||| |||| 00| 0 eng d
041 _aeng
082 _a930/26
100 _aFALLAIZE (E N)
245 _aOrigins of civilization
260 _aLondon
_bErnest Benn Limited
_c1928
650 _aOrigins
650 _aof
650 _acivilization
690 _aAncient History
906 _a024937
999 _c150572
_d150572